Nationalité des Ballons d'Or - Statistiques

Statistiques générales
  • Ce quiz a été pris 212 fois
  • Le résultat moyen est 14 sur 19
Statistiques - réponses
Total Joueurs Pays % Correct
8 1 Argentine
99%
8 6 France
99%
7 3 Portugal
99%
5 4 Brésil
96%
5 4 Angleterre
95%
4 3 Espagne
94%
5 5 Italie
93%
7 5 Allemagne
91%
7 3 Pays-Bas
84%
1 1 Croatie
66%
2 2 République tchèque
63%
1 1 Hongrie
62%
1 1 Ukraine
62%
1 1 Libéria
60%
3 3 Union soviétique
59%
1 1 Danemark
55%
1 1 Écosse
44%
1 1 Bulgarie
42%
1 1 Irlande du Nord
40%
Aucun quiz correspondant
Distribution des résultats
% des personnes avec chaque résultat
Percentile par nombre de réponses
Votre historique - résultats
Vous n’avez pas pris ce quiz